Statistics for Melbourne True or False?

Click here to take the quiz!

General Stats

  • This quiz has been taken 249 times
    (140 since last reset)
  • The average score is 7 of 15

Answer Stats

QuestionAnswer% Correct
Melbourne has the largest Greek-born population of any city outside Greece or CyprusTrue
79%
Melbourne has the largest tram (streetcar) network in the worldTrue
74%
Melbourne is the setting of the soap opera NeighboursTrue
72%
Melbourne served as Australia's first capitalTrue
67%
Melbourne is the world's southernmost city with a population of over one millionTrue
56%
Melbourne is home to the tallest building in AustraliaFalse
55%
The MCG is larger than any stadium in EuropeTrue
50%
Melbourne has a higher population than the US state of ArizonaFalse
49%
The Australian Open has always been held in MelbourneFalse
47%
It occasionally snows in MelbourneTrue
46%
Nearly all the teams in the Australian Football League are based in MelbourneFalse
36%
Melbourne was established by British colonists from New South WalesFalse
31%
The first British shots of World War I were fired in MelbourneTrue
27%
The Melbourne Cup has the highest prize money of any horse race in AustraliaFalse
25%
You can catch a ferry from Melbourne to TasmaniaFalse
15%

Score Distribution

Percentile by Number Answered

Percent of People with Each Score

Your Score History

You have not taken this quiz since the last reset